[Event "Mittelfrank Regionalliga Sud-West 2122"]
[Site "Mittelfranken"]
[Date "2022.05.08"]
[Round "8.3"]
[White "Vuckovic, Aleksandar"]
[Black "Dorendorf, Hagen"]
[Result "1-0"]
[WhiteElo "2337"]
[BlackElo "2017"]
[PlyCount "111"]
[EventDate "2021.10.24"]
[EventType "team-tourn"]
[EventRounds "9"]
[EventCountry "GER"]
[SourceTitle "EXT 2024"]
[Source "ChessBase"]
[SourceDate "2023.10.10"]
[SourceVersion "1"]
[SourceVersionDate "2023.10.10"]
[SourceQuality "1"]
[WhiteTeam "Augsburg Schachfreunde"]
[BlackTeam "Haar"]
[WhiteTeamCountry "GER"]
[BlackTeamCountry "GER"]

1. d4 Nf6 2. Nc3 d5 3. Bf4 c6 4. Qd3 b6 5. 0-0-0 e6 6. g4 Bd6 7. Qg3 Bxf4+ 8. Qxf4 Na6 9. Nf3 Bb7 10. Ne5 Qe7 11. e3 Rc8 12. Rg1 Nd7 13. g5 Nxe5 14. dxe5 Nc5 15. Rg4 a5 16. Rh4 b5 17. f3 b4 18. Ne2 Ba6 19. Nd4 Bxf1 20. Rxf1 Qc7 21. Qg3 a4 22. Kb1 b3 23. axb3 axb3 24. cxb3 Qb6 25. g6 fxg6 26. Rxh7 Kf7 27. Qf4+ Kg8 28. Rxh8+ Kxh8 29. Rg1 Qa6 30. Rd1 Ra8 31. Qh4+ Kg8 32. Qe7 Nd3 33. Kc2 Nb4+ 34. Qxb4 c5 35. Qb5 cxd4 36. Qxa6 Rxa6 37. Rxd4 Kf7 38. h4 Rc6+ 39. Kd2 Rb6 40. b4 Kg8 41. e4 Rb5 42. Kc3 Kf7 43. Kb3 dxe4 44. Rxe4 Rd5 45. f4 Ke7 46. Kc4 Rd1 47. Rd4 Rh1 48. b5 Rxh4 49. b6 Rh8 50. Kb4 g5 51. fxg5 Kf7 52. Rd7+ Kg6 53. Kc5 Kxg5 54. Rxg7+ Kf5 55. b7 Kxe5 56. Rc7 1-0

[Event "GER-ch Blitz"]
[Site "Magdeburg"]
[Date "2021.08.01"]
[Round "20"]
[White "Burian, Simon"]
[Black "Vuckovic, Aleksandar"]
[Result "1-0"]
[WhiteElo "2143"]
[BlackElo "2311"]
[PlyCount "137"]
[EventDate "2021.08.01"]
[EventType "tourn (blitz)"]
[EventRounds "29"]
[EventCountry "GER"]
[EventCategory "5"]
[SourceTitle "CBM 203 Extra"]
[Source "ChessBase"]
[SourceDate "2021.09.30"]
[SourceVersion "1"]
[SourceVersionDate "2021.09.30"]
[SourceQuality "1"]

1. e4 c5 2. Nf3 Nc6 3. Bb5 Na5 4. 0-0 a6 5. Be2 d6 6. c3 Nf6 7. Qc2 b5 8. d4 cxd4 9. cxd4 e6 10. Bg5 Be7 11. Nbd2 Bb7 12. Rac1 Rc8 13. Qd3 Nc4 14. Nxc4 bxc4 15. Rxc4 Rxc4 16. Qxc4 Nxe4 17. Bxe7 Qxe7 18. Rc1 0-0 19. h3 h6 20. Qc7 Re8 21. Qb6 Bd5 22. Qxa6 Ng5 23. Rc3 Ra8 24. Rc8+ Rxc8 25. Qxc8+ Kh7 26. Qc2+ g6 27. Nd2 Kg7 28. a4 Qb7 29. Bf1 Qb4 30. h4 Nh7 31. g3 Nf6 32. Bg2 Qxd4 33. Bxd5 Nxd5 34. a5 e5 35. a6 Nb4 36. Nb3 Qb6 37. Qc4 Nxa6 38. h5 Nc5 39. Nxc5 Qxc5 40. Qd3 gxh5 41. b3 Qd4 42. Qf3 e4 43. Qxh5 Qd3 44. Qg4+ Kf6 45. Qf4+ Ke7 46. Qh4+ f6 47. Qxh6 Qd1+ 48. Kh2 Qf3 49. Kg1 Qd1+ 50. Kh2 Qf3 51. Qe3 Qh5+ 52. Kg2 f5 53. b4 Qd1 54. b5 Qb1 55. b6 Ke6 56. Qd4 Qb3 57. Qe3 Qb1 58. Qh6+ Ke5 59. Qg7+ Ke6 60. b7 Qd1 61. Qg8+ Ke5 62. Qh8+ Ke6 63. b8Q Qf3+ 64. Kg1 Qd1+ 65. Kh2 Qf3 66. Qbc8+ Kd5 67. Qhg8+ Kd4 68. Qcc4+ Ke5 69. Qge6# 1-0

[Event "GER-ch Blitz"]
[Site "Magdeburg"]
[Date "2021.08.01"]
[Round "7"]
[White "Kopylov, Daniel"]
[Black "Vuckovic, Aleksandar"]
[Result "1/2-1/2"]
[WhiteElo "2303"]
[BlackElo "2311"]
[PlyCount "111"]
[EventDate "2021.08.01"]
[EventType "tourn (blitz)"]
[EventRounds "29"]
[EventCountry "GER"]
[EventCategory "5"]
[SourceTitle "CBM 203 Extra"]
[Source "ChessBase"]
[SourceDate "2021.09.30"]
[SourceVersion "1"]
[SourceVersionDate "2021.09.30"]
[SourceQuality "1"]

1. e4 c5 2. Nf3 Nc6 3. d4 cxd4 4. Nxd4 g6 5. Nc3 Bg7 6. Be3 Nf6 7. Nxc6 bxc6 8. e5 Ng8 9. Bd4 Qa5 10. Bc4 Nh6 11. e6 f6 12. exd7+ Bxd7 13. Be3 Rd8 14. Bxh6 Bxh6 15. Qe2 Bf4 16. 0-0 Qe5 17. Qf3 Bxh2+ 18. Kh1 Bf4 19. Rfe1 Qh5+ 20. Qxh5 gxh5 21. Ne4 Kf8 22. Rad1 Bc7 23. Nc5 Bg4 24. Rxd8+ Bxd8 25. f3 Bf5 26. Ne6+ Bxe6 27. Bxe6 Bc7 28. Re4 Kg7 29. Rd4 Bd6 30. Rc4 c5 31. Ra4 Rb8 32. b3 Rb7 33. Kg1 Kg6 34. Kf1 f5 35. Ke2 Kf6 36. Bd5 Rc7 37. Rh4 Kg5 38. Rc4 h4 39. b4 cxb4 40. Rxc7 Bxc7 41. Be6 Kf4 42. Kf1 h6 43. Kf2 Bd6 44. Kf1 Bc5 45. Bd7 e5 46. Be6 e4 47. fxe4 fxe4 48. Bd5 Ke3 49. Bc6 Bd4 50. Bd5 a5 51. Bc6 Bc3 52. Bd5 Be5 53. Bc6 Bg3 54. Bb7 Kd4 55. Ke2 Kc3 56. Bxe4 1/2-1/2

[Event "GER-ch Blitz"]
[Site "Magdeburg"]
[Date "2021.08.01"]
[Round "13"]
[White "Pajeken, Jakob Leon"]
[Black "Vuckovic, Aleksandar"]
[Result "0-1"]
[WhiteElo "2357"]
[BlackElo "2311"]
[PlyCount "76"]
[EventDate "2021.08.01"]
[EventType "tourn (blitz)"]
[EventRounds "29"]
[EventCountry "GER"]
[EventCategory "5"]
[SourceTitle "CBM 203 Extra"]
[Source "ChessBase"]
[SourceDate "2021.09.30"]
[SourceVersion "1"]
[SourceVersionDate "2021.09.30"]
[SourceQuality "1"]

1. d4 Nf6 2. Nf3 e6 3. Bf4 Be7 4. h3 b6 5. Nbd2 Bb7 6. e3 0-0 7. Bd3 d6 8. e4 c5 9. c3 cxd4 10. cxd4 Nc6 11. a3 Re8 12. 0-0 Bf8 13. Bh2 Rc8 14. Qe2 g6 15. Rad1 Re7 16. e5 dxe5 17. dxe5 Nd5 18. Ne4 Rd7 19. Bc4 Be7 20. Nd6 Bxd6 21. exd6 Na5 22. Bb5 Rxd6 23. Bxd6 Qxd6 24. Rd2 Nb3 25. Rc2 Nf4 26. Rxc8+ Bxc8 27. Qc4 Nc5 28. b4 a6 29. bxc5 axb5 30. cxd6 bxc4 31. Ne5 c3 32. Re1 c2 33. Kf1 f6 34. g3 Ba6+ 35. Kg1 Ne2+ 36. Kh2 Kf8 37. Nd7+ Kf7 38. Nb8 Bb5 0-1

[Event "GER-ch Blitz"]
[Site "Magdeburg"]
[Date "2021.08.01"]
[Round "1"]
[White "Schulze, Torben"]
[Black "Vuckovic, Aleksandar"]
[Result "1-0"]
[WhiteElo "2280"]
[BlackElo "2311"]
[PlyCount "131"]
[EventDate "2021.08.01"]
[EventType "tourn (blitz)"]
[EventRounds "29"]
[EventCountry "GER"]
[EventCategory "5"]
[SourceTitle "CBM 203 Extra"]
[Source "ChessBase"]
[SourceDate "2021.09.30"]
[SourceVersion "1"]
[SourceVersionDate "2021.09.30"]
[SourceQuality "1"]

1. e4 c5 2. Nc3 Nc6 3. f4 g6 4. Nf3 Bg7 5. Bc4 e6 6. f5 Nge7 7. fxe6 fxe6 8. a3 0-0 9. d3 Nd4 10. 0-0 Nec6 11. Ba2 h6 12. Kh1 Kh7 13. Be3 d6 14. Rf2 Bd7 15. Qf1 Qe7 16. Re1 a6 17. Nd1 Nxf3 18. Rxf3 Ne5 19. Rxf8 Rxf8 20. Qe2 Qh4 21. Bf2 Qg4 22. Qxg4 Nxg4 23. Bg1 b5 24. h3 Ne5 25. Bh2 Kg8 26. Kg1 Kf7 27. Rf1+ Ke7 28. Rxf8 Kxf8 29. Kf2 Ke7 30. Ke2 Bc6 31. Ne3 Nd7 32. c3 Be5 33. Bxe5 Nxe5 34. d4 Nd7 35. Bb1 e5 36. d5 Bb7 37. h4 Nf6 38. b4 cxb4 39. axb4 Bc8 40. Kf3 h5 41. Bd3 Nd7 42. c4 bxc4 43. Bxc4 Nb6 44. Bd3 Na4 45. Nc4 Nc3 46. Na5 Na4 47. Nc6+ Kd7 48. Bxa6 Bxa6 49. Nb8+ Kc7 50. Nxa6+ Kb6 51. Nb8 Kb5 52. Nd7 Kxb4 53. Nf8 Kc3 54. Nxg6 Kd3 55. g4 hxg4+ 56. Kxg4 Nc3 57. h5 Nxe4 58. h6 Nf6+ 59. Kf5 Nh7 60. Ne7 Kd4 61. Kg6 Nf8+ 62. Kf7 Nh7 63. Kg7 Ng5 64. Kg6 e4 65. Kxg5 e3 66. Nf5+ 1-0

[Event "GER-ch Blitz"]
[Site "Magdeburg"]
[Date "2021.08.01"]
[Round "10"]
[White "Vuckovic, Aleksandar"]
[Black "Kopylov, Michael"]
[Result "1-0"]
[WhiteElo "2311"]
[BlackElo "2392"]
[PlyCount "129"]
[EventDate "2021.08.01"]
[EventType "tourn (blitz)"]
[EventRounds "29"]
[EventCountry "GER"]
[EventCategory "5"]
[SourceTitle "CBM 203 Extra"]
[Source "ChessBase"]
[SourceDate "2021.09.30"]
[SourceVersion "1"]
[SourceVersionDate "2021.09.30"]
[SourceQuality "1"]

1. e4 Nf6 2. e5 Nd5 3. c4 Nb6 4. d4 d6 5. exd6 cxd6 6. Be3 g6 7. Qc1 Nc6 8. Nf3 Bg7 9. Be2 Bg4 10. Nbd2 0-0 11. h3 Bf5 12. g4 Bd7 13. d5 Ne5 14. Nxe5 Bxe5 15. Nf3 Bg7 16. Qd2 Na4 17. Bd4 e5 18. dxe6 Bxe6 19. Bxg7 Kxg7 20. b3 Nc5 21. Rd1 Qf6 22. Qxd6 Ne4 23. Qd4 Nc3 24. Qxf6+ Kxf6 25. Rd2 Rad8 26. Nd4 Ne4 27. Rd3 Nc5 28. Rd1 Bc8 29. 0-0 h5 30. Bf3 hxg4 31. hxg4 Kg5 32. Nb5 a6 33. Nd6 Kf4 34. Kg2 Bxg4 35. Rd4+ Ke5 36. Rd5+ Kf4 37. Bxg4 Kxg4 38. Re1 Ne6 39. Nxf7 Rxf7 40. Rxe6 Rxd5 41. cxd5 Kf5 42. Rb6 Rd7 43. Kf3 Ke5 44. Rxg6 Kxd5 45. Ke3 Kc5 46. Rg4 Re7+ 47. Re4 Rh7 48. Rc4+ Kd5 49. f3 Rh2 50. a4 Rb2 51. Rb4 Kc6 52. f4 b5 53. axb5+ axb5 54. Kd4 Re2 55. f5 Rd2+ 56. Ke5 Kc5 57. Re4 Rd5+ 58. Ke6 Rd6+ 59. Ke7 Kd5 60. Re1 Ra6 61. f6 Ra7+ 62. Kf8 Kd4 63. f7 Kc3 64. Re3+ Kb2 65. Kg8 1-0

[Event "GER-ch Blitz"]
[Site "Magdeburg"]
[Date "2021.08.01"]
[Round "4"]
[White "Vuckovic, Aleksandar"]
[Black "Stein, Robert"]
[Result "1/2-1/2"]
[WhiteElo "2311"]
[BlackElo "2344"]
[PlyCount "73"]
[EventDate "2021.08.01"]
[EventType "tourn (blitz)"]
[EventRounds "29"]
[EventCountry "GER"]
[EventCategory "5"]
[SourceTitle "CBM 203 Extra"]
[Source "ChessBase"]
[SourceDate "2021.09.30"]
[SourceVersion "1"]
[SourceVersionDate "2021.09.30"]
[SourceQuality "1"]

1. e4 e5 2. Nf3 Nc6 3. d4 exd4 4. Bc4 Bc5 5. c3 d3 6. b4 Bb6 7. a4 a6 8. Qb3 Qe7 9. 0-0 d6 10. Nbd2 Nf6 11. a5 Ba7 12. Bxd3 0-0 13. h3 Be6 14. Bc4 Rfe8 15. Re1 h6 16. b5 axb5 17. Qxb5 Rab8 18. Bxe6 Qxe6 19. a6 Nd8 20. e5 Qd5 21. c4 Qxb5 22. cxb5 dxe5 23. axb7 Rxb7 24. Rxe5 Rxe5 25. Nxe5 Rxb5 26. Rxa7 Rxe5 27. Rxc7 Ne6 28. Rc8+ Kh7 29. Nf3 Rd5 30. Bb2 Ne4 31. g3 N4g5 32. Kg2 Nxf3 33. Kxf3 Ng5+ 34. Kg2 Rd2 35. Bc1 Ra2 36. Bxg5 hxg5 37. Rc7 1/2-1/2

[Event "Regionalliga Sued-West 1819"]
[Site "Bayern"]
[Date "2018.10.21"]
[Round "1.2"]
[White "Vuckovic, Aleksandar"]
[Black "Brozio, Jason"]
[Result "1-0"]
[WhiteElo "2339"]
[BlackElo "1993"]
[PlyCount "135"]
[EventDate "2018.10.21"]
[EventType "team-tourn"]
[EventRounds "9"]
[EventCountry "GER"]
[SourceTitle "EXT 2022"]
[Source "ChessBase"]
[SourceDate "2021.10.06"]
[SourceVersion "1"]
[SourceVersionDate "2021.10.06"]
[SourceQuality "1"]
[WhiteTeam "Augsburg SF"]
[BlackTeam "Garching III"]
[WhiteTeamCountry "GER"]
[BlackTeamCountry "GER"]

1. e4 c5 2. Nf3 Nc6 3. d4 cxd4 4. Nxd4 Nf6 5. Nc3 e5 6. Ndb5 d6 7. Bg5 a6 8. Na3 b5 9. Nd5 Be7 10. Bxf6 Bxf6 11. c3 0-0 12. Nc2 Bg5 13. h4 Bh6 14. g3 Ne7 15. Ncb4 Bb7 16. Bg2 Nxd5 17. Nxd5 Rc8 18. a4 Bxd5 19. Qxd5 Qb6 20. axb5 Rc5 21. Qd3 Rxb5 22. b4 a5 23. Bf1 Rxb4 24. cxb4 Qxb4+ 25. Kd1 d5 26. Bg2 Qb2 27. Rb1 Qxf2 28. Qe2 Qxg3 29. Rh3 Qg6 30. h5 Qg5 31. exd5 e4 32. Ke1 Qxd5 33. Qxe4 Qd8 34. Rd3 Qc8 35. Kf1 Re8 36. Qf3 Qc2 37. Rbd1 Bg5 38. Qf2 Qc8 39. Bd5 Bf6 40. h6 Qg4 41. hxg7 Qg6 42. Rf3 Kxg7 43. Rg3 Bg5 44. Bxf7 Qa6+ 45. Kg1 Re5 46. Rd5 Rxd5 47. Bxd5 Qf6 48. Qxf6+ Kxf6 49. Kg2 h6 50. Ra3 Bd2 51. Kf3 Ke5 52. Rd3 Bg5 53. Bb3 Bc1 54. Rd5+ Kf6 55. Rxa5 Bd2 56. Rd5 Bc1 57. Ke4 Kg6 58. Rf5 Bd2 59. Bf7+ Kg7 60. Bh5 Bc1 61. Rf7+ Kg8 62. Kf5 Bd2 63. Kg6 Bb4 64. Rb7 Bd6 65. Rd7 Bc5 66. Rd8+ Bf8 67. Ra8 Kh8 68. Rxf8# 1-0

[Event "Boeblinger op 30th"]
[Site "Boeblingen"]
[Date "2013.12.30"]
[Round "8"]
[White "Kvetny, Mark"]
[Black "Vuckovic, Aleksandar"]
[Result "1/2-1/2"]
[WhiteElo "2239"]
[BlackElo "2317"]
[PlyCount "74"]
[EventDate "2013.12.26"]
[EventType "swiss"]
[EventRounds "9"]
[EventCountry "GER"]
[SourceTitle "CBM 158 Extra"]
[Source "ChessBase"]
[SourceDate "2014.02.28"]
[SourceVersion "1"]
[SourceVersionDate "2014.02.28"]
[SourceQuality "1"]

1. d4 e6 2. c4 d5 3. Nc3 Be7 4. cxd5 exd5 5. Bf4 c6 6. e3 Bf5 7. g4 Bg6 8. h4 h6 9. h5 Bh7 10. Bd3 Nf6 11. Nf3 Nbd7 12. g5 hxg5 13. Nxg5 Bxd3 14. Qxd3 Rxh5 15. 0-0-0 Nf8 16. Ne2 Qd7 17. Ng3 Rxh1 18. Rxh1 g6 19. f3 c5 20. dxc5 Rc8 21. Kb1 Rxc5 22. Be5 a6 23. Bd4 Rc6 24. Rh8 Qc7 25. Ne2 Nh5 26. f4 Bf6 27. Bxf6 Nxf6 28. a3 Ke7 29. Nc3 Qd6 30. Qd4 Ne6 31. Qa7 d4 32. exd4 Qxd4 33. Qxb7+ Rc7 34. Qxa6 Rxc3 35. bxc3 Qd1+ 36. Kb2 Qd2+ 37. Kb1 Qd1+ 1/2-1/2

[Event "Boeblinger op 30th"]
[Site "Boeblingen"]
[Date "2013.12.29"]
[Round "7"]
[White "Vuckovic, Aleksandar"]
[Black "Noe, Christopher"]
[Result "1/2-1/2"]
[WhiteElo "2317"]
[BlackElo "2253"]
[PlyCount "98"]
[EventDate "2013.12.26"]
[EventType "swiss"]
[EventRounds "9"]
[EventCountry "GER"]
[SourceTitle "CBM 158 Extra"]
[Source "ChessBase"]
[SourceDate "2014.02.28"]
[SourceVersion "1"]
[SourceVersionDate "2014.02.28"]
[SourceQuality "1"]

1. e4 e5 2. Nf3 Nc6 3. d4 exd4 4. Nxd4 Bc5 5. Nb3 Bb4+ 6. c3 Be7 7. c4 Nf6 8. Bd3 Bb4+ 9. Bd2 Bxd2+ 10. Qxd2 d6 11. Nc3 Ne5 12. f4 Nxd3+ 13. Qxd3 0-0 14. 0-0-0 Qe7 15. h3 b6 16. Rhe1 Bb7 17. Re2 Rad8 18. g4 Rfe8 19. g5 Nd7 20. h4 Qe6 21. Qd4 Nf8 22. f5 Qe5 23. Qf2 a6 24. Nd5 b5 25. Na5 Rb8 26. cxb5 axb5 27. Nxb7 Rxb7 28. f6 g6 29. Ne7+ Kh8 30. Rd5 Qe6 31. Kb1 Nd7 32. h5 Ne5 33. Qh4 Rxe7 34. fxe7 Qxe7 35. hxg6 fxg6 36. Qf4 Kg7 37. Rf2 Nd7 38. Qe3 Rb8 39. Qd4+ Ne5 40. Qd2 Kg8 41. Qf4 Nf7 42. Rg2 c6 43. Rdd2 Re8 44. Rde2 Kg7 45. a3 Qe5 46. Qc1 c5 47. Qd2 Qe7 48. Qf4 Qe5 49. Qd2 Qe7 1/2-1/2

[Event "Boeblinger op 30th"]
[Site "Boeblingen"]
[Date "2013.12.27"]
[Round "2"]
[White "Commercon, Simon"]
[Black "Vuckovic, Aleksandar"]
[Result "1-0"]
[WhiteElo "2164"]
[BlackElo "2317"]
[PlyCount "111"]
[EventDate "2013.12.26"]
[EventType "swiss"]
[EventRounds "9"]
[EventCountry "GER"]
[SourceTitle "CBM 158 Extra"]
[Source "ChessBase"]
[SourceDate "2014.02.28"]
[SourceVersion "1"]
[SourceVersionDate "2014.02.28"]
[SourceQuality "1"]

1. d4 Nf6 2. Bg5 e6 3. e4 h6 4. Bxf6 Qxf6 5. c3 d6 6. Bd3 g6 7. Ne2 Bg7 8. 0-0 Qe7 9. f4 0-0 10. Nd2 Nd7 11. Nf3 b6 12. Qd2 Bb7 13. Rae1 c5 14. f5 cxd4 15. Nfxd4 Nc5 16. Ng3 Nxd3 17. Qxd3 e5 18. Nc2 Rfd8 19. c4 b5 20. fxg6 fxg6 21. Ne3 a6 22. Nd5 Qg5 23. cxb5 axb5 24. Nc7 Rab8 25. Ne6 Qe7 26. Nxd8 Qxd8 27. Qb3+ Kh7 28. Rd1 Bc8 29. Qd5 Rb6 30. Rc1 Bb7 31. Qf7 Bc6 32. Qa7 Rb7 33. Qa6 Rb6 34. Qa5 Qb8 35. Rf7 h5 36. Re7 Kh8 37. Rf1 Rb7 38. Rff7 Rxe7 39. Rxe7 h4 40. Qc7 Qf8 41. Rf7 Qg8 42. Nf1 Bxe4 43. Rd7 Kh7 44. Qxd6 Bf5 45. Rb7 Kh6 46. Qe7 g5 47. Ne3 Bc8 48. Rc7 Kg6 49. Rc6+ Kh5 50. Qd6 Qe8 51. Qd1+ g4 52. Qc2 Bh6 53. Nf5 Bxf5 54. Qxf5+ Bg5 55. Qh7+ Bh6 56. Qxh6# 1-0

[Event "Reutlinger op 16th"]
[Site "Reutlingen"]
[Date "2011.06.12"]
[Round "5"]
[White "Lanka, Zigurds"]
[Black "Vuckovic, Aleksandar"]
[Result "1-0"]
[WhiteElo "2465"]
[BlackElo "2327"]
[PlyCount "125"]
[EventDate "2011.06.10"]
[EventType "swiss"]
[EventRounds "7"]
[EventCountry "GER"]
[SourceTitle "CBM 142 Extra"]
[Source "ChessBase"]
[SourceDate "2011.06.27"]
[SourceVersion "1"]
[SourceVersionDate "2011.06.27"]
[SourceQuality "1"]

1. e4 c5 2. Nf3 Nc6 3. d4 cxd4 4. Nxd4 g6 5. Nc3 Bg7 6. Be3 Nf6 7. Bc4 0-0 8. Bb3 Qa5 9. 0-0 d6 10. h3 Bd7 11. Re1 Rfe8 12. Qd3 Rac8 13. f4 Nxd4 14. Bxd4 Nh5 15. Bxg7 Nxg7 16. Nd5 Bc6 17. c3 Bxd5 18. exd5 Rc7 19. Kh2 Qc5 20. Re2 b5 21. a3 a5 22. Rf1 f5 23. Qd2 Rf8 24. Rf3 Rb7 25. Rfe3 Rf7 26. Qe1 Qa7 27. Qh4 Rc7 28. Rd3 Qa6 29. Rde3 Qa7 30. Qe1 Nh5 31. g3 Qb7 32. Rd3 Rf8 33. Rd4 Qa7 34. Qd2 Re8 35. g4 Ng7 36. Rg2 Rf8 37. Rd3 Qb6 38. Rdg3 Rf6 39. Rd3 Rf8 40. Rd4 Qa7 41. Qe2 Qb7 42. Bc2 Qb8 43. Bd3 Rb7 44. a4 bxa4 45. Rxa4 Qe8 46. Rxa5 fxg4 47. Rxg4 Kh8 48. b4 Nh5 49. f5 gxf5 50. Rh4 Ng7 51. Rh6 Qf7 52. Qe1 Rg8 53. Qf2 Rbb8 54. Qd4 Ra8 55. Qh4 Nh5 56. Rxa8 Rxa8 57. Rxh5 Ra2+ 58. Kg1 Qg7+ 59. Qg5 Qxc3 60. Rxh7+ Kxh7 61. Bxf5+ Kh8 62. Qh6+ Kg8 63. Be6# 1-0